Materiales sobre el realismo /

Gespeichert in:
Bibliographische Detailangaben
1. Verfasser: Lukács, Georg (autor)
Weitere Verfasser: Sacristán, Manuel (traducción) (traducción)
Format: Buch
Sprache:Spanisch
Veröffentlicht: Barcelona, España : Grijalbo, 1977, c1977
Schriftenreihe:(Obras Completas de Georg Lukács ; 8)
(Textos Políticos ; 9)
Schlagworte:
Tags: Tag hinzufügen
Keine Tags, Fügen Sie das erste Tag hinzu!

MARC

LEADER 00000nam^a2200000^a^4500
001 000137199
005 20250521000000.0
009 20260310095347.133
020 |a 84-253-0735-X 
037 |a Acervo ITESO - Biblioteca 
041 |a ESP 
082 |a 809. 001  |b LUK 
100 |a Lukács, Georg  |e (autor) 
245 1 0 |a Materiales sobre el realismo /  |c G. Lukács ; tr. por M. Sacristán. 
264 4 |a Barcelona, España :  |b Grijalbo,  |c 1977, c1977 
300 |a 260 p. 
336 |a texto  |b txt  |2 rdacontenido 
337 |a sin mediación  |b n  |2 rdamedio 
338 |a volumen  |b nc  |2 rdasoporte 
440 1 |a (Obras Completas de Georg Lukács ;  |v 8) 
440 1 |a (Textos Políticos ;  |v 9) 
500 |a Traducción de: Essays über realismus 
649 |a XX 
650 |a Realismo (Filosofía) 
650 |a Realismo en la Literatura 
650 |a Literatura -  |x Historia y Crítica 
650 |a Estética -  |x Historia y Crítica 
650 |a Arte -  |x Historia y Crítica 
650 |a Existencialismo 
650 |a Materialismo 
650 |a Marxismo 
650 |a Filosofía Alemana 
650 |a Filosofía del Siglo XX 
700 |a Sacristán, Manuel  |e (traducción) 
910 |a Fondo General 
920 |a Impresos - Libros 
930 |a Colección General 
940 |a Literatura 
905 |a 101 
901 |a 0500065973  |b IT1  |c LIT  |u 20250521 
902 |a https://opac.biblio.iteso.mx/vufind/Record/000137199